000 00457cam a2200181ua 4500
020 _c5.00
041 _aeng
_h
082 _a540
_bBHA/PR
100 _aBhaskara Panikkar, P .
245 _aPre degree chemistry /
_cP.Bhaskara Panikkar.
_hTextual Documents
260 _aMadras :
_bCentral Art press ,
_c1964.
300 _a478 ; .
365 _a5.00
504 _a
700 1 _aLakshmi Narasimhan, S .
942 _cBK
999 _c10797
_d10797